Catalog

Record Details

Catalog Search



Available copies

  • 2 of 2 copies available at LARL/NWRL Consortium. (Show)
  • 1 of 1 copy available at Lake Agassiz Regional Library.

Current holds

0 current holds with 2 total copies.

Show Only Available Copies
Location Call Number / Copy Notes Barcode Shelving Location Status Due Date
Crookston Public Library Y MLY (Text) 33500012536124 Main Available -

Record details

  • ISBN: 0062397079
  • ISBN: 9780062397072
  • Physical Description: 378 pages ; 22 cm
  • Edition: First edition.
  • Publisher: [New York, NY : HarperTeen, an imprint of HarperCollinsPublishers, [2017].

Content descriptions

Summary, etc.:
Nineteen-year-old Sydney has the perfect summer ... Read More
Subject: Teenage girls > Travel > Fiction.
Best friends > Fiction.
Europe > Description and travel > Fiction.
Teenage girls > Travel > Europe > Young adult fiction.
Europe > Young adult fiction.
LDR 01990cam a2200409Ki 4500
001260619
003LARL_NWRL_CONSORTIUM
00520170725183804.0
008161020s2017 nyu d 000 1 eng d
010 . ‡a 2016963707
040 . ‡aYDX ‡beng ‡cYDX ‡dBTCTA ‡dBDX ‡dKYC ‡dOCO ‡dJQW
019 . ‡a961156589 ‡a973761453
020 . ‡a0062397079
020 . ‡a9780062397072
035 . ‡a(OCoLC)961004729 ‡z(OCoLC)961156589 ‡z(OCoLC)973761453
037 . ‡bHarpercollins Childrens Books, Attn Elaine Nealon 53 Glenmaura National Blvd Ste 300, Moosaic, PA, USA, 18507-2132 ‡nSAN 200-2086
08204. ‡a[Fic]
1001 . ‡aMlynowski, Sarah, ‡eauthor. ‡0(LARL_NWRL_CONSORTIUM)152349
24510. ‡aI see London, I see France. ‡n#1 / ‡cSarah Mlynowski.
250 . ‡aFirst edition.
264 1. ‡a[New York, NY : ‡bHarperTeen, an imprint of HarperCollinsPublishers, ‡c[2017].
300 . ‡a378 pages ; ‡c22 cm
336 . ‡atext ‡btxt ‡2rdacontent
337 . ‡aunmediated ‡bn ‡2rdamedia
338 . ‡avolume ‡bnc ‡2rdacarrier
4900 . ‡aI see London, I see France ; ‡v1
520 . ‡aNineteen-year-old Sydney has the perfect summer mapped out. She's spending the next four and a half weeks travelling through Europe with her childhood best friend Leela. Their plans include Eiffel Tower selfies, eating cocco gelato, and making out with hot strangers. Her plans do not include Leela's cheating ex-boyfriend showing up on the flight to London, falling for the cheating ex-boyfriend's hot friend, monitoring her mother's spiraling mental health via texts, or feeling like the rope in a friendship tug of war.
650 0. ‡aTeenage girls ‡xTravel ‡vFiction.
650 0. ‡aBest friends ‡vFiction. ‡0(LARL_NWRL_CONSORTIUM)168959
651 0. ‡aEurope ‡xDescription and travel ‡vFiction.
650 1. ‡aTeenage girls ‡xTravel ‡zEurope ‡vYoung adult fiction.
651 1. ‡aEurope ‡vYoung adult fiction.
905 . ‡uvanderl
901 . ‡a260619 ‡b ‡c260619 ‡tbiblio ‡soclc

Additional Resources